[Event "Landesliga Nord 1718"]
[Site "Bayern"]
[Date "2017.12.10"]
[Round "4.8"]
[White "Hassa, Marcus"]
[Black "Krasnikov, Paul"]
[Result "0-1"]
[WhiteElo "1925"]
[BlackElo "1899"]
[PlyCount "134"]
[EventDate "2017.10.22"]
[EventType "team-tourn"]
[EventRounds "9"]
[EventCountry "GER"]
[SourceTitle "EXT 2022"]
[Source "ChessBase"]
[SourceDate "2021.10.06"]
[SourceVersion "1"]
[SourceVersionDate "2021.10.06"]
[SourceQuality "1"]
[WhiteTeam "Bindlach Aktionaer II"]
[BlackTeam "Zirndorf"]
[WhiteTeamCountry "GER"]
[BlackTeamCountry "GER"]

1. e4 c6 2. d4 d5 3. Nc3 dxe4 4. Nxe4 Nf6 5. Nxf6+ exf6 6. Bc4 Bd6 7. Ne2 Nd7 8. 0-0 Nb6 9. Bb3 0-0 10. c4 Bc7 11. Bf4 Bg4 12. Bxc7 Qxc7 13. f3 Be6 14. Qd3 g6 15. Ng3 f5 16. Rac1 Rad8 17. Rfd1 Qf4 18. Ne2 Qg5 19. a4 Bc8 20. Nc3 Nd7 21. Qf1 Qe3+ 22. Qf2 Rfe8 23. Re1 Qxf2+ 24. Kxf2 Rxe1 25. Rxe1 Nf6 26. d5 Bd7 27. Rd1 Re8 28. a5 Kf8 29. Ba4 cxd5 30. Bxd7 Nxd7 31. Nxd5 Ne5 32. b3 Kg7 33. Nc7 Rc8 34. Nb5 Rc5 35. Rd5 Rxd5 36. cxd5 Nd7 37. Ke3 a6 38. Nd6 b6 39. axb6 Nxb6 40. Kd4 Nd7 41. b4 Kf6 42. Nb7 h5 43. Nc5 Nb8 44. h4 Ke7 45. Ke5 f6+ 46. Kd4 Kd6 47. Ne6 Nd7 48. Nc5 Nb8 49. f4 Ke7 50. Nb7 Nd7 51. d6+ Ke6 52. Nc5+ Kxd6 53. Nxd7 Kxd7 54. Kd5 Kc7 55. Ke6 Kc6 56. Kxf6 Kb5 57. Kxg6 Kxb4 58. Kxf5 a5 59. Ke4 a4 60. f5 Kc5 61. f6 Kd6 62. f7 Ke7 63. f8Q+ Kxf8 64. Kd4 Kf7 65. Kc4 Kf6 66. Kb4 Kf5 67. Kxa4 Kg4 0-1

[Event "Mittelfranken-chTB2a 1617"]
[Site "Mittelfranken"]
[Date "2016.12.11"]
[Round "4.1"]
[White "Krasnikov, Paul"]
[Black "Kocak, Ediz"]
[Result "1-0"]
[WhiteElo "1889"]
[BlackElo "1773"]
[PlyCount "69"]
[EventDate "2016.10.23"]
[EventType "team-tourn"]
[EventRounds "9"]
[EventCountry "GER"]
[SourceTitle "EXT 2022"]
[Source "ChessBase"]
[SourceDate "2021.10.06"]
[SourceVersion "1"]
[SourceVersionDate "2021.10.06"]
[SourceQuality "1"]
[WhiteTeam "Zirndorf II"]
[BlackTeam "Nuernberg Sued SW IV"]
[WhiteTeamCountry "GER"]
[BlackTeamCountry "GER"]

1. d4 Nf6 2. Bg5 c5 3. Bxf6 gxf6 4. dxc5 Qa5+ 5. Nd2 Qxc5 6. Ngf3 f5 7. e3 Bg7 8. c3 d5 9. Bd3 e6 10. Qa4+ Bd7 11. Qh4 Qe7 12. Qg3 Bf6 13. Nd4 Na6 14. Bxa6 bxa6 15. 0-0 e5 16. Nc2 Kf8 17. Qf3 e4 18. Qh5 Kg7 19. Nb4 Be6 20. Nb3 Rhg8 21. Rad1 Kh8 22. Nxd5 Bxd5 23. Rxd5 Rg5 24. Qe2 Rag8 25. g3 h5 26. Qxa6 h4 27. Qd6 hxg3 28. fxg3 Qxd6 29. Rxd6 Be5 30. Rh6+ Kg7 31. Rh3 Rb8 32. Rf2 a5 33. Nxa5 Ra8 34. Nc4 Bf6 35. a3 1-0

[Event "Landesliga Nord 1112"]
[Site "Bayern"]
[Date "2011.10.02"]
[Round "1.7"]
[White "Nuding, Matthias"]
[Black "Krasnikov, Paul"]
[Result "1/2-1/2"]
[WhiteElo "2086"]
[BlackElo "1825"]
[PlyCount "105"]
[EventDate "2011.10.02"]
[EventType "team-tourn"]
[EventRounds "9"]
[EventCountry "GER"]
[SourceTitle "EXT 2013"]
[Source "ChessBase"]
[SourceDate "2012.11.22"]
[SourceVersion "1"]
[SourceVersionDate "2012.11.22"]
[SourceQuality "1"]
[WhiteTeam "Nuernberg NT II"]
[BlackTeam "Zirndorf"]
[WhiteTeamCountry "GER"]
[BlackTeamCountry "GER"]

1. e4 c6 2. Nf3 d5 3. Nc3 dxe4 4. Nxe4 Bf5 5. Ng3 Bg6 6. h4 h6 7. Ne5 Bh7 8. Qh5 g6 9. Bc4 e6 10. Qe2 Qc8 11. d4 Nf6 12. Qf3 Nbd7 13. Bd2 Nxe5 14. dxe5 Nd5 15. Ne4 Be7 16. Bxh6 g5 17. Nd6+ Bxd6 18. exd6 gxh4 19. Bxd5 exd5 20. 0-0-0 Qf5 21. Rde1+ Kd7 22. Qxf5+ Bxf5 23. Bf4 Be6 24. Rh2 Rhg8 25. Rxh4 Rxg2 26. Bg3 Rg8 27. Re3 Rg1+ 28. Kd2 c5 29. Rh7 Ra1 30. Rxf7+ Bxf7 31. Re7+ Kc6 32. Rc7+ Kb6 33. Rxf7 Rh1 34. Be5 Rh6 35. d7 Kc6 36. Bf6 Rxf6 37. Rxf6+ Kxd7 38. Rf7+ Kc6 39. Re7 Rg2 40. Ke3 a5 41. Kf3 Rg1 42. Kf4 Rf1 43. Re2 Kd6 44. Kf5 d4 45. f4 b5 46. Kg5 Rg1+ 47. Kf6 Rg4 48. f5 c4 49. Re6+ Kd5 50. Re5+ Kd6 51. Re6+ Kd5 52. Re5+ Kd6 53. Re6+ 1/2-1/2

[Event "Mittelfranken Mitte-ch 0102"]
[Site "Zirndorf"]
[Date "2002.??.??"]
[Round "3"]
[White "Kleist, Werner"]
[Black "Krasnikov, Paul"]
[Result "0-1"]
[WhiteElo "1340"]
[BlackElo "1637"]
[PlyCount "92"]
[EventDate "2002.01.12"]
[EventType "swiss"]
[EventRounds "7"]
[EventCountry "GER"]
[SourceTitle "EXT 2015"]
[Source "ChessBase"]
[SourceDate "2014.11.20"]
[SourceVersion "1"]
[SourceVersionDate "2014.11.20"]
[SourceQuality "1"]

1. d4 Nf6 2. Nc3 e6 3. e4 Bb4 4. e5 Ne4 5. Bd2 Nxc3 6. bxc3 Ba5 7. Qg4 Kf8 8. Bd3 Nc6 9. Rb1 d6 10. f4 f5 11. Qh3 Ne7 12. g4 Qd7 13. Bb5 c6 14. Bf1 dxe5 15. fxe5 Qd5 16. Qf3 Qxa2 17. Rc1 Qd5 18. gxf5 Qxf3 19. Nxf3 Nxf5 20. Ra1 Bd8 21. h4 Ke8 22. Bd3 Rf8 23. Rh3 Be7 24. h5 Bd7 25. Bg5 h6 26. Bh4 Kd8 27. Bxe7+ Kxe7 28. c4 Be8 29. Kd2 a6 30. c5 Kd7 31. Ra5 Ne7 32. c4 Rf4 33. Kc3 Nf5 34. Be2 Kc7 35. Ra1 Re4 36. Bd3 Rf4 37. Re1 Bxh5 38. Rxh5 Rxf3 39. Rg1 Ng3 40. Rxg3 Rxg3 41. Rh1 Rf8 42. Re1 Rff3 43. Rd1 Rxd3+ 44. Rxd3 Rxd3+ 45. Kxd3 h5 46. Ke3 a5 0-1

[Event "Mittelfranken Mitte-ch 0102"]
[Site "Zirndorf"]
[Date "2002.??.??"]
[Round "7"]
[White "Krasnikov, Paul"]
[Black "Roeckl, Adelbert"]
[Result "1-0"]
[WhiteElo "1637"]
[BlackElo "1368"]
[PlyCount "137"]
[EventDate "2002.01.12"]
[EventType "swiss"]
[EventRounds "7"]
[EventCountry "GER"]
[SourceTitle "EXT 2015"]
[Source "ChessBase"]
[SourceDate "2014.11.20"]
[SourceVersion "1"]
[SourceVersionDate "2014.11.20"]
[SourceQuality "1"]

1. d4 d5 2. c4 dxc4 3. e3 Nf6 4. Bxc4 e6 5. Ne2 c5 6. 0-0 Be7 7. dxc5 Qxd1 8. Rxd1 Bxc5 9. Nbc3 a6 10. Nf4 b5 11. Be2 Bb7 12. b3 Nbd7 13. Bb2 0-0 14. Rd2 Rfd8 15. Rad1 Be7 16. Kf1 Nc5 17. Nd3 Nfe4 18. Nxe4 Nxe4 19. Rc2 Rac8 20. Rxc8 Rxc8 21. Rc1 Rxc1+ 22. Nxc1 f6 23. f3 Nc5 24. a3 Kf7 25. b4 Na4 26. Ba1 Nb6 27. Nb3 Nd5 28. e4 Ne3+ 29. Kf2 Nc4 30. Bxc4 bxc4 31. Nd2 a5 32. bxa5 Ba6 33. Bb2 Bd6 34. g3 Bc7 35. Bc3 Bd6 36. Bb4 Be5 37. Nb1 Bd4+ 38. Ke1 Ke8 39. Kd2 Kd7 40. Nc3 Kc6 41. Ne2 Be5 42. f4 Ba1 43. Bc3 Bxc3+ 44. Kxc3 e5 45. Kb4 g6 46. Nc3 exf4 47. gxf4 g5 48. Nd5 gxf4 49. Nxf4 Kd6 50. Nd5 f5 51. Ne3 fxe4 52. Nxc4+ Kd5 53. Ne3+ Kd4 54. Nf5+ Kd3 55. a4 e3 56. Nxe3 Kxe3 57. Kc5 h5 58. Kb6 Bf1 59. a6 Bxa6 60. Kxa6 h4 61. Kb6 Kf2 62. a5 Kg2 63. a6 Kxh2 64. a7 h3 65. a8Q Kg1 66. Qg8+ Kf2 67. Qf7+ Kg2 68. Qg6+ Kh2 69. Qg4 1-0

[Event "Mittelfranken Mitte-ch 0001"]
[Site "Zirndorf"]
[Date "2001.??.??"]
[Round "1"]
[White "Erlbeck, Peter"]
[Black "Krasnikov, Paul"]
[Result "1-0"]
[WhiteElo "1982"]
[BlackElo "1535"]
[PlyCount "77"]
[EventDate "2001.01.13"]
[EventType "swiss"]
[EventRounds "7"]
[EventCountry "GER"]
[SourceTitle "EXT 2015"]
[Source "ChessBase"]
[SourceDate "2014.11.20"]
[SourceVersion "1"]
[SourceVersionDate "2014.11.20"]
[SourceQuality "1"]

1. e4 c6 2. d4 d5 3. exd5 cxd5 4. c4 Nf6 5. Nc3 Bf5 6. Nf3 e6 7. c5 Nc6 8. Bb5 Nd7 9. 0-0 Be7 10. Bf4 0-0 11. a3 h6 12. Qa4 Qc8 13. Rfe1 Re8 14. Rac1 Bg4 15. Bxc6 Qxc6 16. Qxc6 bxc6 17. Re3 Bf6 18. Be5 Bxf3 19. Bxf6 Nxf6 20. Rxf3 e5 21. Ne2 Re7 22. dxe5 Rxe5 23. Nd4 Rc8 24. b4 a6 25. a4 Ne4 26. Re3 Rg5 27. f3 Nd2 28. Re7 Ra8 29. Re2 Nc4 30. Nxc6 Kf8 31. f4 Rg6 32. Ne5 Nxe5 33. Rxe5 Rd8 34. b5 axb5 35. axb5 d4 36. Rd1 Re6 37. Rxe6 fxe6 38. b6 Ke7 39. c6 1-0